| 000 | 00816nam a2200241 a 4500 | ||
|---|---|---|---|
| 001 | BRL_1698 | ||
| 005 | 20190320211328.0 | ||
| 008 | 270514s1953----mx-#######---#000-0#spa-# | ||
| 041 | _aspa | ||
| 044 | _amx | ||
| 050 | 4 |
_aPM4063 _b.W37 1953 |
|
| 100 | 1 |
_aWagner, Federico _927659 |
|
| 245 | 1 | 0 |
_aMétodo autodidáctico _bespañol-náhuatl, náhuatl-español _cpor Federico Wagner y Ezequiel Linares Moctezuma. |
| 260 |
_aMéxico _bEditorial Aurora _c1953 |
||
| 300 |
_a179 p. _c19 cm. |
||
| 500 | _aAu2151 | ||
| 500 | _aEstado fisico: Portada desprendida del lomo. | ||
| 650 | 1 | 4 |
_aEspañol _vLibros de texto para extranjeros _xNáhuatl _927660 |
| 650 | 1 | 4 |
_aNáhuatl _vLibros de texto para extranjeros _xEspañol _927661 |
| 700 | 1 |
_aLinares Moctezuma, Ezequiel _ecoaut. _927662 |
|
| 902 | _aGRL | ||
| 942 |
_2lcc _cB |
||
| 999 |
_c10506 _d10506 |
||